Thằng Bơ : Truyện và ký

Saved in:
Bibliographic Details
Main Author: Lê, Vạn Quỳnh
Format: Book
Language:Undetermined
Published: Hà Nội Hội Nhà văn 2019
Subjects:
Tags: Add Tag
No Tags, Be the first to tag this record!
Institutions: Trung tâm Học liệu Trường Đại học Cần Thơ
LEADER 00604nam a2200205Ia 4500
001 CTU_235784
008 210402s9999 xx 000 0 und d
082 |a 895.92234 
082 |b Qu609 
100 |a Lê, Vạn Quỳnh 
245 0 |a Thằng Bơ : 
245 0 |b Truyện và ký 
245 0 |c Lê Vạn Quỳnh 
260 |a Hà Nội 
260 |b Hội Nhà văn 
260 |c 2019 
650 |a Truyện ngắn, Việt Nam,Short stories, Vietnamese 
650 |y Thế kỷ 21,21st century 
910 |b dqhieu 
980 |a Trung tâm Học liệu Trường Đại học Cần Thơ